Guide to the Maudslay collection of Maya sculptures (casts and originals) from Central America /

Bibliographic Details
Corporate Authors: British Museum, British Museum. Department of Oriental Antiquities and of Ethnography
Other Authors: Maudslay, Alfred Percival, 1850-1931, Joyce, Thomas Athol, 1878-1942
Format: Book
Language:English
Published: [London?] : The Trustees, 1938.
Edition:2nd ed.
Subjects:

MARC

Tag First Indicator Second Indicator Subfields
LEADER 00000cam a2200000 4500
001 in00000558331
005 20151014054734.0
008 771216s1938 enkabf 00110 eng
010 |a  45035652  
035 |a (OCoLC)03498019 
035 |9 ACK6439AM 
040 |a DLC  |c TXJ  |d m.c.  |d TXA  |d UtOrBLW 
049 |a TXAM  |c [A08396575] 
050 0 0 |a F1435  |b .B87 1938 
110 2 |a British Museum. 
245 1 0 |a Guide to the Maudslay collection of Maya sculptures (casts and originals) from Central America /  |c British Museum. 
250 |a 2nd ed. 
264 1 |a [London?] :  |b The Trustees,  |c 1938. 
300 |a 93 pages, 11 unnumbered leaves of plates :  |b illustrations, map ;  |c 22 cm. 
336 |a text  |b txt  |2 rdacontent 
337 |a unmediated  |b n  |2 rdamedia 
338 |a volume  |b nc  |2 rdacarrier 
500 |a Prepared by T.A. Joyce. 
500 |a First edition attributed to British Museum. Dept. of Oriental Antiquities and of Ethnography. 
500 |a Includes index. 
504 |a Bibliography: page [85]. 
650 0 |a Mayas  |x Antiquities. 
650 0 |a Maya art. 
700 1 |a Maudslay, Alfred Percival,  |d 1850-1931. 
700 1 |a Joyce, Thomas Athol,  |d 1878-1942. 
710 2 |a British Museum.  |b Department of Oriental Antiquities and of Ethnography. 
740 0 |a Maudslay collection of Maya sculptures. 
740 0 |a Maya sculptures. 
999 |a MARS 
999 f f |s a4088fc8-7a70-33f2-9272-c3a7276dd296  |i 794674e3-372c-37f9-80fa-c28cfd032890  |t 0 
952 f f |p ric  |a Texas A&M University  |b Rellis Campus  |c Joint Library Facility  |d Remote Storage  |t 0  |e F1435 .B87 1938  |h Library of Congress classification  |i unmediated -- volume  |m A14808396575 
998 f f |a F1435 .B87 1938  |t 0  |l Remote Storage